Družstevné noviny - Magyar melléklettel

Bibliographic Details
New Title:Družstevné noviny - Szővetkezeti ujság
Družstevné noviny - Magyar melléklettel
Previous Title:Družstevný obzor - Magyar melléklettel
Format: Newspaper
Language:Hungarian
Slovak
PhysicalDescription:19 zv. 42 cm
Published: Bratislava Zväz slovenských spotrebných družstiev [1961-1963, 1971-1992]
Edition:Maďarská mutácia
Subjects:

MARC

LEADER 00000cas a2200000 a 4500
001 vtls011830266
003 SK-MaSNL
005 20260228164444.0
008 181217d19611992xo wr|ne 0 0hun
040 |a SNK  |b slo  |c SNK  |e AACR2 
041 0 |a hun  |a slo 
044 |a xo  |c SK 
072 7 |a 334  |x Formy organizácie a spolupráce v ekonomike  |2 konspekt 
080 |a 334.73  |2 2011 
080 |a 050  |2 2011 
080 |a 334.735  |2 2011 
080 |a (051)-048.55  |2 2011 
245 0 0 |a Družstevné noviny - Magyar melléklettel 
246 1 1 |a Magyar melléklettel 
250 |a Maďarská mutácia 
260 |a Bratislava  |b Zväz slovenských spotrebných družstiev  |c [1961-1963, 1971-1992] 
300 |a 19 zv.  |c 42 cm 
310 |a 1x týždenne  |b 1971-1992 
321 |a 1x za 2 týždne  |b 1961-1963 
362 0 |a Roč. 16, č. 1 (1961)-roč. 18, č. 26 (1963) ; roč. 26 (1971)-roč. 43, č. 52 (1988); roč. 29 (1989)-roč. 31, č. 52 (1992) 
500 |a Redaktori sa menia 
500 |a Registračné č.: 2/4 
500 |a Do roku 1988 nadväzuje ročníkovanie na predchádzajúci názov : Družstevný obzor ktorý je uvádzaný aj v dokumente s pôvodným ročníkom. 
500 |a Od roku 1/1989 zmena ročníkovania. Nadväzuje na pôvodné ročníkovanie časopisu Hospodársky obzor. Tento názov je uvádzaný aj v dokumente s pôvodným ročníkom. 
546 |a Text v slovenčine a maďarčine 
580 |a V r. [1964-1970] vychádzal pod názvom: Družstevné noviny - Szővetkezeti ujság a od r. 1971 návrat k pôvodnému názvu: Družstevné noviny - Magyar melléklettel 
650 0 7 |a družstevníctvo  |2 SNKPH  |9 2134 
650 0 7 |a spotrebné družstvá  |2 SNKPH  |9 2135 
655 7 |a špecializované časopisy  |2 SNKPH  |9 70509 
772 0 |t Družstevné noviny  |x 0323-2379 
780 0 0 |t Družstevný obzor - Magyar melléklettel 
785 0 0 |t Družstevné noviny - Szővetkezeti ujság 
785 0 0 |t Družstevné noviny - Magyar melléklettel 
910 |a snk 
916 |a 1961-1963, 1973-1992 
999 |c 13670  |d 15600 
952 |0 0  |1 0  |4 0  |7 0  |a SNK  |b SNK  |d 2018-12-17  |f 1  |i snkČSP 139/77  |l 0  |o snkČSA 462/A/31/1976  |p 17A0768777  |r 2026-02-21 20:26:44  |t č. 1-52  |w 2026-02-21  |y PREZ 
952 |0 0  |1 0  |4 0  |7 0  |a SNK  |b SNK  |d 2018-12-04  |f 1  |i snkČSP 339/62  |l 0  |o snkČSA 462/A/16/1961  |p 17A0768764  |r 2026-02-21 22:13:40  |t č. 1-26, neúplné  |w 2026-02-21  |y PREZ  |z Chýba č. 22 ; ; Slovenký aj maďarský text 
952 |0 0  |1 0  |4 0  |7 0  |a SNK  |b SNK  |d 2018-12-04  |f 1  |i snkČSP 427/63  |l 0  |o snkČSA 462/A/17/1962  |p 17A0768771  |r 2026-02-21 22:13:40  |t č. 1-26  |w 2026-02-21  |y PREZ  |z Slovenský aj maďarský text 
952 |0 0  |1 0  |4 0  |7 0  |a SNK  |b SNK  |d 2018-12-04  |f 1  |i snkČSP 603/64  |l 0  |o snkČSA 462/A/18/1963  |p 17A0768766  |r 2026-02-21 22:13:40  |t č. 1-26  |w 2026-02-21  |y PREZ  |z Slovenský aj maďarský text 
952 |0 0  |1 0  |4 0  |7 0  |a SNK  |b SNK  |d 2018-12-17  |f 1  |i snkČSP 192/74  |l 0  |o snkČSA 462/A/28/1973  |p 17A0768770  |r 2026-02-21 22:13:58  |t č. 1-52  |w 2026-02-21  |y PREZ 
952 |0 0  |1 0  |4 0  |7 0  |a SNK  |b SNK  |d 2018-12-17  |f 1  |i snkČSP 504/76  |l 0  |o snkČSA 462/A/29/1974  |p 17A0768775  |r 2026-02-21 22:13:58  |t č. 1-52, neúplné  |w 2026-02-21  |y PREZ  |z Chýba č. 43, 51, 52 
952 |0 0  |1 0  |4 0  |7 0  |a SNK  |b SNK  |d 2018-12-17  |f 1  |i snkČSP 352/76  |l 0  |o snkČSA 462/A/30/1975  |p 17A0759249  |r 2026-02-21 22:13:58  |t č. 1-52  |w 2026-02-21  |y PREZ 
952 |0 0  |1 0  |4 0  |7 0  |a SNK  |b SNK  |d 2020-09-07  |i snkČSP 338/62  |l 0  |o snkČSA 462/A/16/1961 D1  |p 17A1431978  |r 2026-02-21 22:15:50  |t č. 1-26, neúplné  |w 2026-02-21  |y PREZ  |z Chýba č. 22 
952 |0 0  |1 0  |4 0  |7 0  |a SNK  |b SNK  |d 2020-09-04  |f 1  |i snkČSP 493/89  |l 0  |o snkČSA 462/A/43/1988  |p 17A0759427  |r 2026-02-21 22:15:56  |t č. 1-52  |w 2026-02-21  |y PREZ 
952 |0 0  |1 0  |4 0  |7 0  |a SNK  |b SNK  |d 2020-09-04  |f 1  |i snkČSP 949/90  |l 0  |o snkČSA 462/A/29/1989  |p 17A0759428  |r 2026-02-21 22:15:56  |t č. 1-52  |w 2026-02-21  |y PREZ 
952 |0 0  |1 0  |4 0  |7 0  |a SNK  |b SNK  |d 2020-09-04  |f 1  |i snkČSP 1281/91  |l 0  |o snkČSA 462/A/29/1990  |p 17A0759429  |r 2026-02-21 22:15:56  |t č. 1-52  |w 2026-02-21  |y PREZ 
952 |0 0  |1 0  |4 0  |7 0  |a SNK  |b SNK  |d 2020-09-04  |f 1  |i snkČSP 2567/93  |l 0  |o snkČSA 462/A/30/1991  |p 17A0759315  |r 2026-02-21 22:15:56  |t č. 1-52  |w 2026-02-21  |y PREZ 
952 |0 0  |1 0  |4 0  |7 0  |a SNK  |b SNK  |d 2020-09-04  |f 1  |i snkČSP 3190/93  |l 0  |o snkČSA 462/A/31/1992  |p 17A0759316  |r 2026-02-21 22:15:56  |t č. 1-52  |w 2026-02-21  |y PREZ 
952 |0 0  |1 0  |4 0  |7 0  |a SNK  |b SNK  |d 2020-09-03  |f 1  |i snkČSP 459/77  |l 0  |o snkČSA 462/A/32/1977  |p 17A0768783  |r 2026-02-21 22:16:01  |t č. 1-52  |w 2026-02-21  |y PREZ 
952 |0 0  |1 0  |4 0  |7 0  |a SNK  |b SNK  |d 2020-09-03  |f 1  |i snkČSP 145/78  |l 0  |o snkČSA 462/A/33/1978  |p 17A0768784  |r 2026-02-21 22:16:01  |t č. 1-52  |w 2026-02-21  |y PREZ 
952 |0 0  |1 0  |4 0  |7 0  |a SNK  |b SNK  |d 2020-09-03  |f 1  |i snkČSP 481/80  |l 0  |o snkČSA 462/A/34/1979  |p 17A0768782  |r 2026-02-21 22:16:02  |t č. 1-52  |w 2026-02-21  |y PREZ 
952 |0 0  |1 0  |4 0  |7 0  |a SNK  |b SNK  |d 2020-09-03  |f 1  |i snkČSP 244/81  |l 0  |o snkČSA 462/A/35/1980  |p 17A0768790  |r 2026-02-21 22:16:02  |t č. 1-52  |w 2026-02-21  |y PREZ 
952 |0 0  |1 0  |4 0  |7 0  |a SNK  |b SNK  |d 2020-09-03  |f 1  |i snkČSP 431/82  |l 0  |o snkČSA 462/A/35[36]/1981  |p 17A0759426  |r 2026-02-21 22:16:02  |t č. 1-52  |w 2026-02-21  |y PREZ 
952 |0 0  |1 0  |4 0  |7 0  |a SNK  |b SNK  |d 2020-09-03  |f 1  |i snkČSP 359/83  |l 0  |o snkČSA 462/A/37/1982  |p 17A0759416  |r 2026-02-21 22:16:02  |t č. 1-52  |w 2026-02-21  |y PREZ 
952 |0 0  |1 0  |4 0  |7 0  |a SNK  |b SNK  |d 2020-09-03  |f 1  |i snkČSP 399/84  |l 0  |o snkČSA 462/A/38/1983  |p 17A0759418  |r 2026-02-21 22:16:02  |t č. 1-52  |w 2026-02-21  |y PREZ 
952 |0 0  |1 0  |4 0  |7 0  |a SNK  |b SNK  |d 2020-09-03  |f 1  |i snkČSP 43/85  |l 0  |o snkČSA 462/A/39/1984  |p 17A0759420  |r 2026-02-21 22:16:02  |t č. 1-52  |w 2026-02-21  |y PREZ 
952 |0 0  |1 0  |4 0  |7 0  |a SNK  |b SNK  |d 2020-09-03  |f 1  |i snkČSP 953/86  |l 0  |o snkČSA 462/A/40/1985  |p 17A0759421  |r 2026-02-21 22:16:02  |t č. 1-52  |w 2026-02-21  |y PREZ 
952 |0 0  |1 0  |4 0  |7 0  |a SNK  |b SNK  |d 2020-09-03  |f 1  |i snkČSP 589/87  |l 0  |o snkČSA 462/A/41/1986  |p 17A0759422  |r 2026-02-21 22:16:02  |t č. 1-52  |w 2026-02-21  |y PREZ 
952 |0 0  |1 0  |4 0  |7 0  |a SNK  |b SNK  |d 2020-09-03  |f 1  |i snkČSP 863/88  |l 0  |o snkČSA 462/A/42/1987  |p 17A0759424  |r 2026-02-21 22:16:02  |t č. 1-52  |w 2026-02-21  |y PREZ